banner-ar

حروب القرن الواحد والعشرين : (Record no. 9448)

MARC details
000 -الفاتح
حقل البيانات ثابتة الطول 01312nam a2200325Ia 4500
008 - عناصر البيانات ثابتة الطول - معلومات عامة
حقل البيانات ثابتة الطول 140319s9999 xx 000 0 ara d
040 ## - مصدر الفهرسة
وكالة الفهرسة الأصلية GCL /
وكالة النسخ GCL
082 04 - رقم تصنيف ديوى العشرى
رقم التصنيف 327.16
رقم المادة ر ح
100 1# - المدخل الرئيسى - إسم شخصى
الإسم الشخصى انطوان ابوزيد
245 10 - بيان العنوان
العنوان حروب القرن الواحد والعشرين :
بقية العنوان مخاوف ومخاطر جديدة /
بيان المسئوليه,etc انطوان ابوزيد
700 1# - المدخل الاضافى - اسم شخصى
الإسم الشخصى رامونيه، اينياسيو
250 ## - بيان الطبعة
بيان الطبعة الاولى
260 ## - PUBLICATION, DISTRIBUTION, ETC. (IMPRINT)
تاريخ النشر أو التوزيع 2007
300 ## - الوصف المادى
التعداد 237 ص ؛
أبعاد الوعاء 21 سم
650 04 - المدخل الاضافى بالموضوع-مصطلح موضوعى
مصطلح موضوعي الشرق الاوسط
650 04 - المدخل الاضافى بالموضوع-مصطلح موضوعى
مصطلح موضوعي حرب البوسنة والهرسك
650 04 - المدخل الاضافى بالموضوع-مصطلح موضوعى
مصطلح موضوعي الحرب الباردة
650 04 - المدخل الاضافى بالموضوع-مصطلح موضوعى
مصطلح موضوعي المياه العذبة
650 04 - المدخل الاضافى بالموضوع-مصطلح موضوعى
مصطلح موضوعي الاحلاف العسكرية
650 04 - المدخل الاضافى بالموضوع-مصطلح موضوعى
مصطلح موضوعي الارهاب الدولى
650 04 - المدخل الاضافى بالموضوع-مصطلح موضوعى
مصطلح موضوعي ايران - العلاقات الخارجية
650 04 - المدخل الاضافى بالموضوع-مصطلح موضوعى
مصطلح موضوعي الولايات المتحدة الامريكية - العلاقات الخارجية
650 04 - المدخل الاضافى بالموضوع-مصطلح موضوعى
مصطلح موضوعي الشرق الاوسط - العلاقات الخارجية
650 04 - المدخل الاضافى بالموضوع-مصطلح موضوعى
مصطلح موضوعي ايران - الاحوال السياسية
650 04 - المدخل الاضافى بالموضوع-مصطلح موضوعى
مصطلح موضوعي العولمة - الارهاب
650 04 - المدخل الاضافى بالموضوع-مصطلح موضوعى
مصطلح موضوعي حلف شمال الاطلنطى
650 04 - المدخل الاضافى بالموضوع-مصطلح موضوعى
مصطلح موضوعي احداث 11 سبتمبر - نتائج
942 ## - عناصر المدخل الإضافي( كوها)
مصدر التصنيف او مخطط الترفيف Dewey Decimal Classification
Koha [default] item type كتاب
260 ## - PUBLICATION, DISTRIBUTION, ETC. (IMPRINT)
-- بيروت :
-- دار التنوير للطباعة والنشر ،
Holdings
حالة التراجع حالة الفقد حالة تلف ليس للاعارة المكان المؤقت الموقع الحالى تاريخ الاكتساب اجمالي اﻻعارات رقم الطلب الباركود تاريخ اخر مشاهدة تاريخ تفعيل السعر نوع وعاء كوها
        مكتبة القاهرة الكبرى مكتبة القاهرة الكبرى 03/26/2014   327.16\ر ح 19704 03/26/2014 03/26/2014 كتاب
        مكتبة القاهرة الكبرى مكتبة القاهرة الكبرى 03/26/2014   327.16\ر ح 19705 03/26/2014 03/26/2014 كتاب

Powered By

EGPV